| 000 | 00466nam a2200157 a 4500 | ||
|---|---|---|---|
| 001 | 000031879 | ||
| 005 | 20200930063243.0 | ||
| 008 | 110707s1996 sp ac 000 0 spa d | ||
| 020 | _a8492161515 | ||
| 040 |
_aDO-SdBNP _bspa _cBNPHU |
||
| 100 | 1 |
_aKrankol, Joe _958080 |
|
| 245 | 1 | 0 |
_aHistoria del cine clasificado "S" / _cJoe Krankol. |
| 260 |
_aMadrid : _bStripper Ediciones, _c1996. |
||
| 300 |
_a141 p. : _bils., retrs. ; _c28 cm. |
||
| 504 | _aBibliografía : p. 141 | ||
| 999 |
_c31371 _d31371 |
||